| 000 | 01404cam a2200397 i 4500 | ||
|---|---|---|---|
| 001 | 200429477 | ||
| 999 |
_c200429477 _d47401 |
||
| 003 | TR-AnTOB | ||
| 005 | 20251208152720.0 | ||
| 007 | ta | ||
| 008 | 140801s2006 tu a b 001 0btur d | ||
| 010 | _a 2008414531 | ||
| 020 | _z975409379X | ||
| 035 | _a(OCoLC)ocm85822054 | ||
| 040 |
_aB9K _beng _erda _cB9K _dEYM _dDLC _dTR-AnTOB |
||
| 041 | 0 | _atur | |
| 042 |
_alccopycat _alcode |
||
| 043 | _aa-tu--- | ||
| 050 | 0 | 0 |
_aDR592.K6 _bO93 2006 |
| 090 |
_aDR592.K6 _bO93 2006 |
||
| 100 | 1 |
_aÖzdemir, Hikmet, _d1951- _eauthor _9105577 |
|
| 245 | 1 | 0 |
_aFahri S. Korutürk / _cHikmet Özdemir. |
| 264 | 1 |
_aAnkara : _bDeniz İkmal Komutanlığı Basımevi, _c2006. |
|
| 300 |
_a175 pages : _billustrations ; _c24 cm. |
||
| 336 |
_atext _btxt _2rdacontent |
||
| 337 |
_aunmediated _bn _2rdamedia |
||
| 338 |
_avolume _bnc _2rdacarrier |
||
| 504 | _aIncludes bibliographical references and index. | ||
| 590 | _aDonated by Levent Kuşoğlu | ||
| 600 | 1 | 0 |
_aKorutürk, Fahri, _d1903-1987 _9119734 |
| 650 | 0 |
_aCumhurbaşkanları _zTürkiye _vBiyografi _912918 |
|
| 651 | 0 |
_aTurkey _xPolitics and government _y1960-1980 _923069 |
|
| 651 |
_aTürkiye _xSiyaset ve yönetim _y1960-1980 _9119068 |
||
| 776 | 0 | 8 |
_iOnline version: _aÖzdemir, Hikmet, 1951- _tFahri S. Korutürk. _dAnkara : Deniz İkmal Komutanlığı Basımevi, 2006 _w(OCoLC)608146088 |
| 942 |
_2lcc _cBK |
||